000 01064nam a22001697a 4500
003 IT-RoPau
005 20220918175940.0
008 130206b xxu||||| |||| 00| 0 eng d
040 _cIT-RoPau
245 _aAlbae Pompeiensis. Can. Servi Dei Francisci Chiesa
_bCanonici Ecclesiae Cathedralis Albae Pompeiensis. Positio super virtutibus.
250 _aI
260 _aRomae
_bSacra Congregatio pro causis sanctorum
_c1983
300 _a434 + p.
_c30 cm
490 _vI
520 _aIndex positionis 1. - Informatio 2. - Tabella Index-Testium 3. - Decretum super validitate Processuum 4. - Summarium a) Depositiones testium b) Documenta 5. - Positio super virtutibus a) Conspectus biographicus b) Iudicium prioris Theologi Censoris c) Iudicium alteris Theologi Censoris d) Decretum S. R. C. die 9 februarii 1967 e) Iudicium tertii Theologi Censoris f) Decretum Promotoris Generales Fidei 6. - Animadversiones Promotoris Generales Fidei 7. - Responso Patroni ad Animadversiones
942 _2ddc
_cBK
999 _c38004
_d38004